000 00421pab a2200157 454500
008 180718b2012 xxu||||| |||| 00| 0 eng d
100 _aMilne, Richard
245 _aPharmaceutical prospects: Biopharming and the geography of technological expectations
260 _c2012
300 _ap.290-306.
362 _aApr
650 _aBiotechnology
773 _aSocial Studies of Sciences
908 _aN
909 _a95928
999 _c95928
_d95928